[Event "XXXVI Capablanca Mem Elite"]
[Site "Havana CUB"]
[Date "2001.05.05"]
[EventDate "2001.05.05"]
[Round "1"]
[Result "0-1"]
[White "Leinier Dominguez Perez"]
[Black "Igor Alexandre Nataf"]
[WhiteElo "2556"]
[BlackElo "2552"]
[PlyCount "86"]

1. e4 c5 2. Nf3 Nc6 3. d4 cxd4 4. Nxd4 e5 5. Nb5 d6 6. c4 Be7
7. Bd3 a6 8. N5c3 Bg5 9. Na3 Bxc1 10. Rxc1 Qg5 11. O-O Nge7
12. Nc2 O-O 13. Be2 Bh3 14. Bf3 Ng6 15. Kh1 Be6 16. Nd5 Nh4
17. b3 Rad8 18. Nde3 Qf4 19. Nd5 Qg5 20. Nde3 Qg6 21. Qe2 Kh8
22. Rcd1 Rd7 23. Rd2 f5 24. exf5 Nxf5 25. Be4 Qh6 26. Bxf5
Bxf5 27. Rfd1 Bxc2 28. Nxc2 Qg6 29. c5 d5 30. Ne3 d4 31. f3
Re7 32. Nd5 Ref7 33. Re1 Qg5 34. Rdd1 h5 35. a3 h4 36. h3 Qg3
37. Rf1 Rf5 38. Qe4 Rg5 39. Rg1 Nd8 40. f4 exf4 41. Rxd4 Nc6
42. Rd3 f3 43. Ne3 Re5 0-1

[Event "XXXVI Capablanca Mem Elite"]
[Site "Havana CUB"]
[Date "2001.05.10"]
[EventDate "2001.05.05"]
[Round "5"]
[Result "1-0"]
[White "Leinier Dominguez Perez"]
[Black "Aryam Abreu Delgado"]
[WhiteElo "2556"]
[BlackElo "2480"]
[PlyCount "41"]

1. e4 Nf6 2. e5 Nd5 3. d4 d6 4. Nf3 Bg4 5. Be2 e6 6. h3 Bxf3
7. Bxf3 dxe5 8. c4 Nb4 9. Bxb7 N8c6 10. Bxa8 Nxd4 11. Be4 Qh4
12. Nc3 f5 13. a3 a5 14. axb4 axb4 15. Ra8+ Kf7 16. g3 Qf6
17. Nd5 exd5 18. Bxd5+ Kg6 19. Be3 h5 20. Bxd4 exd4 21. Re8
1-0

[Event "XXXVI Capablanca Mem Elite"]
[Site "Havana CUB"]
[Date "2001.05.11"]
[EventDate "2001.05.05"]
[Round "6"]
[Result "1/2-1/2"]
[White "Arnaud Hauchard"]
[Black "Leinier Dominguez Perez"]
[WhiteElo "2526"]
[BlackElo "2556"]
[PlyCount "31"]

1. c4 Nf6 2. Nc3 c6 3. e4 e5 4. Nf3 Qc7 5. d4 Bb4 6. dxe5 Nxe4
7. Qd4 Qa5 8. Qxe4 Bxc3+ 9. Nd2 Bb4 10. Bd3 Na6 11. Bc2 Nc5
12. Qe3 Ne6 13. O-O d6 14. exd6 Bxd6 15. Ne4 Be7 16. Bd2
1/2-1/2

[Event "XXXVI Capablanca Mem Elite"]
[Site "Havana CUB"]
[Date "2001.05.14"]
[EventDate "2001.05.05"]
[Round "8"]
[Result "1/2-1/2"]
[White "Leinier Dominguez Perez"]
[Black "Hannes Hlifar Stefansson"]
[WhiteElo "2556"]
[BlackElo "2570"]
[PlyCount "21"]

1. e4 e5 2. Nf3 Nc6 3. Bb5 a6 4. Ba4 Nf6 5. O-O Bc5 6. Bxc6
dxc6 7. Nxe5 Nxe4 8. Qe2 Qd5 9. Nd3 O-O 10. Nxc5 Nxc5 11. Nc3
1/2-1/2

[Event "XXXVI Capablanca Mem Elite"]
[Site "Havana CUB"]
[Date "2001.05.16"]
[EventDate "2001.05.05"]
[Round "10"]
[Result "1/2-1/2"]
[White "Leinier Dominguez Perez"]
[Black "Walter Arencibia Rodriguez"]
[WhiteElo "2556"]
[BlackElo "2543"]
[PlyCount "73"]

1. e4 c6 2. d4 d5 3. Nd2 dxe4 4. Nxe4 Nf6 5. Nxf6+ gxf6 6. Nf3
Bg4 7. Be2 Nd7 8. O-O Qc7 9. c4 O-O-O 10. Be3 Rg8 11. Kh1 e5
12. Qc2 exd4 13. Nxd4 Qe5 14. Bxg4 Rxg4 15. Nf5 Qe4 16. Qxe4
Rxe4 17. b3 Re5 18. Ng3 Bc5 19. Bf4 Re6 20. Rad1 Nf8 21. Rxd8+
Kxd8 22. f3 Ng6 23. Rd1+ Ke8 24. Bc1 Bd6 25. Ne4 Be7 26. Ng3
Bd6 27. Ne4 Be7 28. Kg1 f5 29. Ng3 f4 30. Nf5 Bc5+ 31. Kf1 Rf6
32. Nh6 Ne5 33. Bb2 Rxh6 34. Bxe5 Rxh2 35. Bxf4 Rh1+ 36. Ke2
Rxd1 37. Kxd1 1/2-1/2

[Event "XXXVI Capablanca Mem Elite"]
[Site "Havana CUB"]
[Date "2001.05.18"]
[EventDate "2001.05.05"]
[Round "12"]
[Result "1/2-1/2"]
[White "Leinier Dominguez Perez"]
[Black "Jesus Nogueiras"]
[WhiteElo "2556"]
[BlackElo "2557"]
[PlyCount "36"]

1. e4 e6 2. d4 d5 3. Nc3 Nf6 4. Bg5 dxe4 5. Nxe4 Be7 6. Bxf6
Bxf6 7. Nf3 O-O 8. Qd2 Be7 9. Bd3 Nd7 10. O-O-O b6 11. h4 Bb7
12. Qe2 Nf6 13. Neg5 Bxf3 14. Nxf3 Qd6 15. Ne5 c5 16. dxc5
Qxc5 17. Kb1 Bd6 18. f4 h5 1/2-1/2

[Event "Master Open"]
[Site "Lausanne SUI"]
[Date "2001.05.24"]
[EventDate "2001.05.20"]
[Round "4"]
[Result "1-0"]
[White "Leinier Dominguez Perez"]
[Black "Jesus Maria De La Villa Garcia"]
[WhiteElo "2556"]
[BlackElo "2466"]
[PlyCount "63"]

1. e4 Nf6 2. e5 Nd5 3. d4 d6 4. Nf3 g6 5. Bc4 Nb6 6. Bb3 Bg7
7. O-O O-O 8. h3 dxe5 9. Nxe5 N8d7 10. Qe2 c5 11. Nxd7 Nxd7
12. Bg5 Bf6 13. Bxf6 exf6 14. Rd1 cxd4 15. Rxd4 Qb6 16. Qd2
Nc5 17. Nc3 Be6 18. Qh6 Rfd8 19. Rh4 g5 20. Qxh7+ Kf8 21. Rh6
Ke7 22. Qg7 Bxb3 23. axb3 Qe6 24. Kf1 Rg8 25. Qxf6+ Qxf6
26. Nd5+ Ke6 27. Nxf6 Rg6 28. Rxg6 fxg6 29. Ng4 a6 30. Re1+
Kd6 31. Ne5 Rg8 32. Nf7+ 1-0

[Event "Master Open"]
[Site "Lausanne SUI"]
[Date "2001.05.25"]
[EventDate "2001.05.20"]
[Round "6"]
[Result "1/2-1/2"]
[White "Leinier Dominguez Perez"]
[Black "Ehsan Ghaem Maghami"]
[WhiteElo "2556"]
[BlackElo "2500"]
[PlyCount "94"]

1. e4 c5 2. Nf3 d6 3. d4 cxd4 4. Nxd4 Nf6 5. Nc3 a6 6. Be3 e5
7. Nf3 Qc7 8. a4 b6 9. Bg5 Nbd7 10. Nd2 Bb7 11. Bc4 Be7
12. Qe2 O-O 13. O-O Rfc8 14. Rfd1 h6 15. Bxf6 Nxf6 16. Bb3 Qc5
17. Nc4 Rab8 18. Ne3 Nxe4 19. Nf5 Nxc3 20. Nxe7+ Kf8 21. Qh5
d5 22. Nxc8 Nxd1 23. Rxd1 f6 24. Na7 b5 25. axb5 axb5 26. Qg4
Qxa7 27. Qb4+ Kg8 28. Qxb5 Qa8 29. h3 Kh8 30. Bxd5 Bxd5
31. Qxd5 Qxd5 32. Rxd5 Rxb2 33. Rc5 Rb1+ 34. Kh2 Kh7 35. Rc7
Kg6 36. Kg3 f5 37. Kf3 h5 38. h4 Re1 39. Rc6+ Kf7 40. g3 Ke7
41. Rc7+ Kf6 42. Rc6+ Ke7 43. Rg6 Kf7 44. Rd6 e4+ 45. Kf4 Re2
46. Kxf5 Rxf2+ 47. Kxe4 Rxc2 1/2-1/2

[Event "Master Open"]
[Site "Lausanne SUI"]
[Date "2001.05.26"]
[EventDate "2001.05.20"]
[Round "7"]
[Result "0-1"]
[White "Michele Godena"]
[Black "Leinier Dominguez Perez"]
[WhiteElo "2494"]
[BlackElo "2556"]
[PlyCount "60"]

1. e4 c5 2. c3 Nf6 3. e5 Nd5 4. Nf3 Nc6 5. d4 cxd4 6. cxd4 d6
7. Bc4 Nb6 8. Bb5 dxe5 9. Nxe5 Bd7 10. Nxd7 Qxd7 11. Nc3 e6
12. O-O Be7 13. Qg4 O-O 14. Bxc6 Qxc6 15. Bh6 Bf6 16. Rfd1 Qd7
17. Ne4 Qd8 18. Rd3 Kh8 19. Bf4 Nd5 20. Be5 Bxe5 21. dxe5 Qc7
22. Nd6 f6 23. Rf3 Qe7 24. Qe4 fxe5 25. Rxf8+ Rxf8 26. Qxe5
Nf4 27. Rd1 h6 28. Ne4 Qf7 29. f3 Nxg2 30. Nc5 Qxf3 0-1

[Event "Master Open"]
[Site "Lausanne SUI"]
[Date "2001.05.27"]
[EventDate "2001.05.20"]
[Round "8"]
[Result "0-1"]
[White "Leinier Dominguez Perez"]
[Black "Petar Genkov Genov"]
[WhiteElo "2556"]
[BlackElo "2447"]
[PlyCount "110"]

1. e4 c5 2. Nf3 d6 3. d4 cxd4 4. Nxd4 Nf6 5. Nc3 a6 6. Be3 e6
7. g4 b5 8. g5 Nfd7 9. a3 Bb7 10. h4 Nc6 11. Qh5 Nc5 12. Bg2
Ne5 13. b4 Ncd7 14. f4 Qc8 15. Nd1 g6 16. Qe2 Nc4 17. Bf2 e5
18. fxe5 dxe5 19. Nb3 Nxa3 20. c3 Nc4 21. h5 Be7 22. hxg6 fxg6
23. Ne3 Nxe3 24. Qxe3 Nf8 25. Bg3 Qc7 26. Bh3 Bc8 27. Bxc8
Rxc8 28. O-O Nd7 29. Rf3 Rf8 30. Raf1 Qc4 31. Nd2 Rxf3
32. Qxf3 Qe6 33. Bh4 h6 34. Rd1 hxg5 35. Bg3 Qh3 36. Rf1 Qe6
37. Rd1 Bd8 38. Kg2 Nf6 39. Nf1 Bb6 40. Rd3 g4 41. Qe2 Rd8
42. Rxd8+ Bxd8 43. Nh2 g5 44. Nf1 Bb6 45. Ne3 Bxe3 46. Qxe3
Qa2+ 47. Bf2 Qc2 48. Qb6 Qxe4+ 49. Kg1 Kf7 50. Qxa6 Qd3
51. Qb7+ Kg6 52. Qc7 g3 53. Bb6 Qd1+ 54. Kg2 Qe2+ 55. Kg1 Qh2+
0-1

[Event "I American Continental"]
[Site "Cali COL"]
[Date "2001.08.10"]
[EventDate "2001.08.09"]
[Round "1"]
[Result "1-0"]
[White "Leinier Dominguez Perez"]
[Black "Juan Martín Santa Torres"]
[WhiteElo "2585"]
[BlackElo "2230"]
[PlyCount "70"]

1. e4 c5 2. Nf3 e6 3. d4 cxd4 4. Nxd4 Nf6 5. Nc3 d6 6. Be3 a6
7. g4 e5 8. Nf5 g6 9. g5 gxf5 10. exf5 d5 11. gxf6 Bb4 12. Qe2
Nc6 13. O-O-O Bxc3 14. bxc3 Bxf5 15. Bg2 Be6 16. f4 Qa5 17. f5
Bxf5 18. Rxd5 Qa3+ 19. Kb1 Be6 20. Qd3 Bxd5 21. Bxd5 O-O-O
22. Qf5+ Kb8 23. Bxf7 Qxc3 24. Bh6 Qb4+ 25. Bb3 a5 26. a4 Nd4
27. Qxe5+ Ka8 28. Qf4 Qb6 29. Qf2 Qb4 30. Bd2 Qa3 31. Bc1 Qb4
32. Qe1 Nxb3 33. Qxb4 axb4 34. cxb3 Rd3 35. Rf1 Rf8 1-0

[Event "I American Continental"]
[Site "Cali COL"]
[Date "2001.08.11"]
[EventDate "2001.08.09"]
[Round "2"]
[Result "0-1"]
[White "Jairo Moreira Romero"]
[Black "Leinier Dominguez Perez"]
[WhiteElo "2372"]
[BlackElo "2585"]
[PlyCount "66"]

1. c4 Nf6 2. Nc3 c6 3. e4 e5 4. Nf3 Qc7 5. d4 Bb4 6. dxe5 Nxe4
7. Qd4 Qa5 8. Qxe4 Bxc3+ 9. Nd2 Bb4 10. Bd3 Na6 11. Bc2 Nc5
12. Qe2 Ne6 13. O-O Nd4 14. Qe4 Nxc2 15. Qxc2 O-O 16. Nf3 d6
17. a3 dxe5 18. Ng5 g6 19. axb4 Qxa1 20. Ne4 Qa2 21. Bh6 Bf5
22. Qc3 Bxe4 23. Qxe5 f6 24. Qxe4 Rae8 25. Qd4 Rf7 26. Qc3 b5
27. cxb5 cxb5 28. Qc6 Qe6 29. Qxb5 Qe2 30. Qc6 Qe4 31. Qc5 g5
32. f4 Rd7 33. fxg5 Rd2 0-1

[Event "I American Continental"]
[Site "Cali COL"]
[Date "2001.08.12"]
[EventDate "2001.08.09"]
[Round "3"]
[Result "1/2-1/2"]
[White "Leinier Dominguez Perez"]
[Black "Pablo Zarnicki"]
[WhiteElo "2585"]
[BlackElo "2487"]
[PlyCount "43"]

1. e4 e5 2. Nf3 Nf6 3. Nxe5 d6 4. Nf3 Nxe4 5. d4 d5 6. Bd3 Nc6
7. O-O Be7 8. c4 Nb4 9. Be2 O-O 10. Nc3 Be6 11. Ne5 c5
12. Nxe4 dxe4 13. d5 Bc8 14. a3 Na6 15. f4 f6 16. Ng4 Bxg4
17. Bxg4 f5 18. Be2 Bf6 19. Rb1 Bd4+ 20. Kh1 Nc7 21. b4 b6
22. Rb3 1/2-1/2

[Event "I American Continental"]
[Site "Cali COL"]
[Date "2001.08.13"]
[EventDate "2001.08.09"]
[Round "4"]
[Result "1/2-1/2"]
[White "Jorge Mario Clavijo"]
[Black "Leinier Dominguez Perez"]
[WhiteElo "2375"]
[BlackElo "2585"]
[PlyCount "51"]

1. d4 Nf6 2. c4 g6 3. Nc3 Bg7 4. e4 d6 5. Nf3 O-O 6. Be2 e5
7. O-O Nc6 8. d5 Ne7 9. Ne1 Nd7 10. Nd3 f5 11. Bd2 Nf6 12. f3
f4 13. c5 g5 14. cxd6 cxd6 15. Nf2 h5 16. Qc2 Ng6 17. Nb5 Rf7
18. Rfc1 Ne8 19. a4 Bf8 20. Ra3 a6 21. Rc3 Bd7 22. Na3 Rg7
23. h3 Nh4 24. Be1 Rb8 25. Qd1 Nf6 26. a5 1/2-1/2

[Event "I American Continental"]
[Site "Cali COL"]
[Date "2001.08.14"]
[EventDate "2001.08.09"]
[Round "5"]
[Result "0-1"]
[White "Darcy Gustavo Machado Vieira Lima"]
[Black "Leinier Dominguez Perez"]
[WhiteElo "2543"]
[BlackElo "2585"]
[PlyCount "92"]

1. c4 Nf6 2. Nc3 g6 3. d4 Bg7 4. e4 O-O 5. Be2 d6 6. Nf3 e5
7. O-O Nc6 8. Be3 Ng4 9. Bg5 f6 10. Bc1 Kh8 11. h3 exd4
12. Nxd4 Nxd4 13. Qxd4 f5 14. Qd1 Ne5 15. exf5 Bxf5 16. f4 Nc6
17. Be3 Qd7 18. Qd2 Rae8 19. Kh2 Be6 20. Rae1 Ne7 21. Bd4 Nf5
22. Bxg7+ Qxg7 23. Bd3 Nd4 24. b3 a6 25. Re3 Bd7 26. Be4 Bc6
27. Bxc6 Rxe3 28. Qxe3 bxc6 29. Ne4 Re8 30. Qd3 Nf5 31. Rf2 c5
32. Ng3 Qd4 33. Qxd4+ cxd4 34. Nxf5 gxf5 35. Kg3 Kg7 36. Rd2
c5 37. Kf2 Re4 38. g3 h5 39. h4 Kf7 40. Rd3 a5 41. Rd2 Re8
42. Re2 Rb8 43. Re1 a4 44. Rb1 Ke6 45. Ke2 d5 46. Kd2 Kd6 0-1

[Event "I American Continental"]
[Site "Cali COL"]
[Date "2001.08.15"]
[EventDate "2001.08.09"]
[Round "6"]
[Result "1-0"]
[White "Leinier Dominguez Perez"]
[Black "Daniel Hugo Campora"]
[WhiteElo "2585"]
[BlackElo "2506"]
[PlyCount "59"]

1. e4 c6 2. d4 d5 3. Nd2 dxe4 4. Nxe4 Bf5 5. Ng3 Bg6 6. h4 h6
7. Nf3 Nd7 8. h5 Bh7 9. Bd3 Bxd3 10. Qxd3 e6 11. Bf4 Qa5+
12. Bd2 Qc7 13. O-O-O Ngf6 14. Ne4 O-O-O 15. g3 Nc5 16. Nxc5
Bxc5 17. c4 Bd6 18. Bc3 Kb8 19. Qe2 Ka8 20. Kb1 Rhe8 21. Ne5
c5 22. dxc5 Bxc5 23. g4 Rd6 24. Rxd6 Bxd6 25. Rd1 Rd8 26. Bd4
Qa5 27. Nxf7 Bc7 28. Nxd8 Bxd8 29. Qxe6 Qc7 30. f4 1-0

[Event "I American Continental"]
[Site "Cali COL"]
[Date "2001.08.19"]
[EventDate "2001.08.09"]
[Round "10"]
[Result "1/2-1/2"]
[White "Ivan Eduardo Morovic-Fernandez"]
[Black "Leinier Dominguez Perez"]
[WhiteElo "2565"]
[BlackElo "2585"]
[PlyCount "25"]

1. e4 c5 2. Nf3 d6 3. d4 cxd4 4. Nxd4 Nf6 5. Nc3 a6 6. h3 e6
7. g3 b5 8. a3 Bb7 9. Bg2 Be7 10. O-O Qc7 11. g4 O-O 12. g5
Nfd7 13. f4 1/2-1/2

[Event "XIV Carlos Torre"]
[Site "Merida MEX"]
[Date "2001.12.14"]
[EventDate "?"]
[Round "1"]
[Result "1-0"]
[White "Leinier Dominguez Perez"]
[Black "Jose Enrique Alayola Montanez"]
[WhiteElo "2596"]
[BlackElo "2199"]
[PlyCount "73"]

1. e4 Nf6 2. e5 Nd5 3. d4 d6 4. Nf3 dxe5 5. Nxe5 g6 6. Bc4 Be6
7. O-O Bg7 8. Nd2 O-O 9. Re1 c6 10. h3 Nc7 11. c3 Bxc4
12. Ndxc4 Nd7 13. Qb3 Nxe5 14. Nxe5 Nb5 15. Bg5 Nd6 16. Ng4
Re8 17. Nh6+ Kf8 18. Ng4 Qb6 19. Qc2 Rad8 20. Re2 Rd7 21. Rae1
Qa5 22. Qc1 Qxa2 23. Bh6 Nf5 24. Nf6 Bxh6 25. Nxd7+ Kg7
26. Qc2 Qd5 27. Ne5 Nh4 28. Re4 Nf5 29. g3 Nd6 30. R4e2 Kg8
31. Ng4 Bg7 32. Rxe7 Rxe7 33. Rxe7 h5 34. Ne5 Bf6 35. Rxf7
Nxf7 36. Qxg6+ Bg7 37. c4 1-0

[Event "Capablanca Memorial (Elite)"]
[Site "Havana CUB"]
[Date "2002.05.06"]
[EventDate "2002.05.06"]
[Round "1"]
[Result "1/2-1/2"]
[White "Leinier Dominguez Perez"]
[Black "Artur Mikhailovich Kogan"]
[WhiteElo "2601"]
[BlackElo "2540"]
[PlyCount "59"]

1. e4 d5 2. exd5 Qxd5 3. Nf3 Bg4 4. Be2 Nc6 5. d4 O-O-O 6. Be3
Nh6 7. c4 Qa5+ 8. Nc3 Nf5 9. d5 Nxe3 10. fxe3 e6 11. Ng5 Bxe2
12. Qxe2 Ne5 13. O-O Bb4 14. Nxf7 Nxf7 15. Rxf7 Bxc3 16. bxc3
Qxc3 17. Rd1 exd5 18. cxd5 Rhe8 19. e4 Kb8 20. Kh1 Qe5 21. Qc4
Re7 22. Rxe7 Qxe7 23. Qd4 Re8 24. Re1 Qe5 25. Qf2 a6 26. h3 h5
27. Qf7 Re7 28. Qf8+ Re8 29. Qf7 Re7 30. Qf8+ 1/2-1/2

[Event "Capablanca Memorial (Elite)"]
[Site "Havana CUB"]
[Date "2002.05.08"]
[EventDate "2002.05.06"]
[Round "3"]
[Result "1/2-1/2"]
[White "Leinier Dominguez Perez"]
[Black "Jesus Nogueiras"]
[WhiteElo "2601"]
[BlackElo "2534"]
[PlyCount "104"]

1. e4 e6 2. d4 d5 3. Nc3 Nf6 4. e5 Nfd7 5. f4 c5 6. Nf3 a6
7. Be3 Qb6 8. a3 Nc6 9. Be2 Qa7 10. Qd2 cxd4 11. Nxd4 Bc5
12. O-O-O O-O 13. Na4 Bxd4 14. Bxd4 Nxd4 15. Qxd4 b5 16. Nc3
Qc7 17. Bd3 Bb7 18. Rhe1 Rfe8 19. Re3 Nc5 20. Rh3 g6 21. Re1
Rad8 22. g4 Qb6 23. Kb1 Nd7 24. Ne2 Qxd4 25. Nxd4 Kg7 26. g5
Nc5 27. Rh6 Rh8 28. Kc1 Bc8 29. Kd2 Bd7 30. c3 Rb8 31. b4 Na4
32. h4 Rbc8 33. Rc1 Nb6 34. h5 Na4 35. Nf3 Rc7 36. Nd4 Rcc8
37. Ne2 Bc6 38. Bc2 Nb6 39. Bb3 Bd7 40. Nd4 Rb8 41. Rh1 Rbc8
42. Rh3 Rcd8 43. Kd3 Ra8 44. Nf3 Nc8 45. Kd2 Ne7 46. hxg6 fxg6
47. Bc2 Raf8 48. R6h4 Ra8 49. Nh2 Raf8 50. Bd3 Bc6 51. Bb1 d4
52. cxd4 Rd8 1/2-1/2

[Event "Capablanca Memorial (Elite)"]
[Site "Havana CUB"]
[Date "2002.05.11"]
[EventDate "2002.05.06"]
[Round "6"]
[Result "0-1"]
[White "Alonso Zapata"]
[Black "Leinier Dominguez Perez"]
[WhiteElo "2541"]
[BlackElo "2601"]
[PlyCount "94"]

1. e4 c5 2. Nf3 d6 3. d4 cxd4 4. Nxd4 Nf6 5. Nc3 a6 6. Bc4 e6
7. O-O b5 8. Bb3 Be7 9. Qf3 Qb6 10. Be3 Qb7 11. Qg3 b4 12. Na4
Nbd7 13. f3 O-O 14. Rfd1 Ne5 15. Ne2 a5 16. c4 bxc3 17. Nexc3
Ra6 18. h3 Bd7 19. f4 Ng6 20. e5 dxe5 21. fxe5 Qc7 22. Bd4
Bxa4 23. Nxa4 Nd7 24. Rac1 Rc6 25. Rxc6 Qxc6 26. Qc3 Qb5
27. Qc7 Bd8 28. Qd6 Be7 29. Qc7 Ndxe5 30. Nc3 Nf3+ 31. gxf3
Qg5+ 32. Kf1 Nf4 33. Rd2 Qh4 34. Ne4 Bb4 35. Rf2 Qxh3+ 36. Kg1
Qh4 37. Qe5 f6 38. Bxe6+ Kh8 39. Qf5 Rd8 40. Bd7 Be7 41. Be3
Nd3 42. Rh2 Qe1+ 43. Kg2 h6 44. Bf2 Qe2 45. Kg3 Ne5 46. Be6
Rd3 47. Ng5 fxg5 0-1

[Event "Capablanca Memorial (Elite)"]
[Site "Havana CUB"]
[Date "2002.05.12"]
[EventDate "2002.05.06"]
[Round "7"]
[Result "1/2-1/2"]
[White "Leinier Dominguez Perez"]
[Black "Reynaldo Vera"]
[WhiteElo "2601"]
[BlackElo "2537"]
[PlyCount "73"]

1. e4 c5 2. Nf3 d6 3. d4 cxd4 4. Nxd4 Nf6 5. Nc3 Nc6 6. Bg5 e6
7. Qd2 a6 8. O-O-O Nxd4 9. Qxd4 Be7 10. f4 b5 11. h4 Bb7
12. Rh3 Rc8 13. Bxf6 gxf6 14. a4 O-O 15. axb5 axb5 16. Bxb5
Qa5 17. Bc4 Rc5 18. f5 Re5 19. Qe3 Kh8 20. Rg3 Qa1+ 21. Kd2
Qa8 22. Bd3 exf5 23. Qh6 Rg8 24. Rxg8+ Qxg8 25. exf5 Qxg2+
26. Kc1 Bf3 27. Rf1 Be2 28. Bxe2 Rxe2 29. Nxe2 Qxf1+ 30. Kd2
Qxf5 31. Nd4 Qf2+ 32. Kd3 Qf1+ 33. Ke4 Qg2+ 34. Kd3 Qf1+
35. Ke4 Qg2+ 36. Ke3 Qg1+ 37. Kd3 1/2-1/2

[Event "Capablanca Memorial (Elite)"]
[Site "Havana CUB"]
[Date "2002.05.15"]
[EventDate "2002.05.06"]
[Round "8"]
[Result "0-1"]
[White "Igor Alexandre Nataf"]
[Black "Leinier Dominguez Perez"]
[WhiteElo "2567"]
[BlackElo "2601"]
[PlyCount "58"]

1. e4 c5 2. Nf3 d6 3. d4 cxd4 4. Nxd4 Nf6 5. Nc3 a6 6. Bg5 e6
7. f4 Nbd7 8. Qf3 Qc7 9. O-O-O b5 10. Bd3 Bb7 11. Rhe1 Be7
12. a3 Qb6 13. Nb3 Rc8 14. Qh3 Rxc3 15. bxc3 Qc7 16. Kb1 Nb6
17. f5 e5 18. Qg3 Na4 19. Bd2 O-O 20. Re3 d5 21. Rde1 Qd6
22. Bf1 Nxe4 23. Rxe4 dxe4 24. Bc1 Rc8 25. Re3 Bd8 26. Qe1 Bg5
27. Rg3 Bxc1 28. Qxc1 Nxc3+ 29. Ka1 Bd5 0-1

[Event "Capablanca Memorial (Elite)"]
[Site "Havana CUB"]
[Date "2002.05.17"]
[EventDate "2002.05.06"]
[Round "9"]
[Result "1-0"]
[White "Leinier Dominguez Perez"]
[Black "Hannes Hlifar Stefansson"]
[WhiteElo "2601"]
[BlackElo "2598"]
[PlyCount "45"]

1. e4 c5 2. Nf3 d6 3. d4 cxd4 4. Nxd4 Nf6 5. Nc3 Nc6 6. Bg5 e6
7. Qd2 Be7 8. O-O-O Nxd4 9. Qxd4 O-O 10. f4 Qa5 11. Bb5 e5
12. Qa4 Qc7 13. Bxf6 Bxf6 14. Nd5 Qd8 15. f5 a6 16. Kb1 g6
17. Be2 Bg5 18. h4 Bxh4 19. Rdf1 Bg5 20. Qb3 b5 21. f6 h6
22. Ne7+ Kh7 23. Qg3 1-0

[Event "17th North Sea Cup"]
[Site "Esbjerg DEN"]
[Date "2002.07.08"]
[EventDate "2002.07.05"]
[Round "4"]
[Result "1-0"]
[White "Leinier Dominguez Perez"]
[Black "Igor V Glek"]
[WhiteElo "2719"]
[BlackElo "2546"]
[PlyCount "102"]

1. e4 e6 2. d4 d5 3. Nc3 Nf6 4. e5 Nfd7 5. f4 c5 6. Nf3 Nc6
7. Be3 cxd4 8. Nxd4 Bc5 9. Qd2 O-O 10. g3 a6 11. Bg2 Nxd4
12. Bxd4 b5 13. Ne2 a5 14. a3 Bb7 15. O-O Qb6 16. b4 Bxd4+
17. Nxd4 axb4 18. axb4 Ra4 19. Kh1 Nb8 20. f5 Rxa1 21. Rxa1
Nc6 22. Nxc6 Bxc6 23. f6 gxf6 24. exf6 Kh8 25. c3 d4 26. Qxd4
Bxg2+ 27. Kxg2 Qxd4 28. cxd4 h6 29. Ra5 Kh7 30. Rxb5 Rd8
31. d5 exd5 32. Rc5 d4 33. Kf1 d3 34. Ke1 Rd4 35. b5 Rb4
36. Kd2 Rb3 37. g4 Kg6 38. Rf5 h5 39. Rxh5 Kxf6 40. h4 Kg6
41. Rf5 Kg7 42. h5 f6 43. Rd5 Kf7 44. Rd7+ Ke6 45. Rb7 Kd5
46. h6 Ke4 47. Re7+ Kd4 48. Rd7+ Ke4 49. h7 Rb2+ 50. Kc3 Rc2+
51. Kb3 Rc8 1-0

[Event "17th North Sea Cup"]
[Site "Esbjerg DEN"]
[Date "2002.07.10"]
[EventDate "2002.07.05"]
[Round "6"]
[Result "1-0"]
[White "Leinier Dominguez Perez"]
[Black "Hannes Hlifar Stefansson"]
[WhiteElo "2719"]
[BlackElo "2575"]
[PlyCount "63"]

1. e4 e5 2. Nf3 Nc6 3. Bb5 a6 4. Ba4 Nf6 5. O-O Bc5 6. c3 b5
7. Bc2 d6 8. d4 Bb6 9. a4 Bg4 10. h3 Bh5 11. d5 Ne7 12. axb5
axb5 13. Rxa8 Qxa8 14. Na3 O-O 15. Nxb5 c6 16. Nxd6 Bc7
17. Nc4 cxd5 18. exd5 Nexd5 19. g4 Rd8 20. Qe2 Nxg4 21. hxg4
Bxg4 22. Rd1 h6 23. Ncxe5 Bxe5 24. Qxe5 Bxf3 25. Bxh6 gxh6
26. Qg3+ Kh8 27. Qxf3 Qb7 28. Be4 Rg8+ 29. Kf1 Qb5+ 30. Qd3
Qxd3+ 31. Rxd3 Nf6 32. Bf3 1-0

[Event "Bled Olympiad"]
[Site "Bled SLO"]
[Date "2002.10.28"]
[EventDate "2002.10.26"]
[Round "3"]
[Result "1/2-1/2"]
[White "Leinier Dominguez Perez"]
[Black "Aleksander Petkov Delchev"]
[WhiteElo "2608"]
[BlackElo "2560"]
[PlyCount "83"]

1. e4 e6 2. d4 d5 3. Nc3 Nf6 4. e5 Nfd7 5. f4 c5 6. Nf3 Nc6
7. Be3 cxd4 8. Nxd4 Bc5 9. Qd2 Bxd4 10. Bxd4 Nxd4 11. Qxd4 Qb6
12. Qxb6 Nxb6 13. Nb5 Ke7 14. Bd3 Bd7 15. Nd4 g6 16. Kd2 h5
17. g3 Rag8 18. b3 Nc8 19. h3 Ke8 20. Ke3 Ne7 21. g4 Nc6
22. Nf3 Rh6 23. c3 hxg4 24. hxg4 Rgh8 25. Rxh6 Rxh6 26. Kf2
Ke7 27. Kg2 a5 28. Rh1 Rxh1 29. Kxh1 Na7 30. Nd4 Nc6 31. Nxc6+
Bxc6 32. Kg1 Kd8 33. Kf2 Kc7 34. Ke3 Kb6 35. f5 g5 36. f6 Kc5
37. a3 b5 38. b4+ axb4 39. cxb4+ Kb6 40. Kd4 Be8 41. Kc3 Bc6
42. Kd4 1/2-1/2

[Event "Bled Olympiad"]
[Site "Bled SLO"]
[Date "2002.10.29"]
[EventDate "2002.10.26"]
[Round "4"]
[Result "1/2-1/2"]
[White "Bartlomiej Macieja"]
[Black "Leinier Dominguez Perez"]
[WhiteElo "2615"]
[BlackElo "2608"]
[PlyCount "78"]

1. e4 c5 2. Nc3 d6 3. f4 g6 4. Nf3 Bg7 5. Bc4 Nc6 6. O-O e6
7. d3 Nge7 8. Qe1 O-O 9. f5 gxf5 10. Qg3 fxe4 11. dxe4 Ng6
12. h4 Nce5 13. Bg5 f6 14. Nxe5 Nxe5 15. Bh6 Qe7 16. Be2 Kh8
17. Bxg7+ Qxg7 18. Qxg7+ Kxg7 19. Nb5 Bd7 20. Nxd6 Bc6
21. Rad1 Rad8 22. c3 a6 23. Nc4 Bb5 24. b3 Bxc4 25. Bxc4 Kf7
26. Be2 Ke7 27. Kf2 Rg8 28. Rxd8 Rxd8 29. Ke3 Rg8 30. Bf3 Rd8
31. Be2 Rg8 32. Bf3 h6 33. Ra1 Rd8 34. Be2 Ng6 35. g3 Ne5
36. Rb1 Rg8 37. Kf2 Rd8 38. Ke3 Rg8 39. Kf2 Rd8 1/2-1/2

[Event "Bled Olympiad"]
[Site "Bled SLO"]
[Date "2002.10.31"]
[EventDate "2002.10.26"]
[Round "6"]
[Result "1/2-1/2"]
[White "Pablo Ricardi"]
[Black "Leinier Dominguez Perez"]
[WhiteElo "2544"]
[BlackElo "2608"]
[PlyCount "77"]

1. g3 d5 2. Bg2 Nf6 3. f4 g6 4. Nf3 Bg7 5. O-O O-O 6. d3 c5
7. Nc3 d4 8. Ne4 Nxe4 9. dxe4 Nc6 10. e3 e5 11. f5 gxf5
12. exf5 Bxf5 13. Nxe5 Ne7 14. exd4 cxd4 15. Nd3 Bg6 16. Bg5
Qc7 17. Bf4 Qb6 18. a4 Nf5 19. a5 Qb5 20. Qf3 Qc4 21. Rf2 Ne3
22. Ne5 Qe6 23. Nxg6 hxg6 24. Qxb7 Nxg2 25. Kxg2 Rac8 26. Qf3
Rc4 27. Raf1 Rfc8 28. Rc1 a6 29. h4 R4c5 30. c3 dxc3 31. bxc3
Rxc3 32. Re2 Rxf3 33. Rxe6 Rxc1 34. Re8+ Kh7 35. Kxf3 Rc5
36. Re7 Kg8 37. Re8+ Kh7 38. Re7 Kg8 39. Re8+ 1/2-1/2

[Event "Bled Olympiad"]
[Site "Bled SLO"]
[Date "2002.11.01"]
[EventDate "2002.10.26"]
[Round "7"]
[Result "0-1"]
[White "Leinier Dominguez Perez"]
[Black "Emil Davidovich Sutovsky"]
[WhiteElo "2608"]
[BlackElo "2657"]
[PlyCount "100"]

1. e4 c5 2. Nf3 d6 3. d4 cxd4 4. Nxd4 Nf6 5. Nc3 a6 6. Be3 e5
7. Nb3 Be7 8. f3 Be6 9. Qd2 O-O 10. O-O-O Qc7 11. g4 Rc8
12. g5 Nh5 13. Kb1 Nd7 14. Nd5 Bxd5 15. exd5 g6 16. Rg1 Nf4
17. h4 Bf8 18. Na5 Bg7 19. c4 Nc5 20. Rc1 Qd7 21. Qc2 Na4
22. Qb3 Re8 23. Rh1 Re7 24. Rh2 Rae8 25. Rhc2 Nc5 26. Qa3 Qf5
27. Bxc5 dxc5 28. Qxc5 e4 29. fxe4 Rxe4 30. Nb3 Re1 31. Qf2
Rxc1+ 32. Nxc1 Qe4 33. d6 Bd4 34. Qd2 Rd8 35. Nd3 Be3 36. Nf2
Bxf2 37. Qxf2 Rxd6 38. a3 Rd1+ 39. Ka2 h5 40. gxh6 Kh7 41. c5
a5 42. Bc4 a4 43. b4 f5 44. c6 bxc6 45. Qa7+ Kxh6 46. Qxa4 Nd5
47. Qb3 Ne3 48. Re2 Qxc4 49. Rxe3 Rd2+ 50. Ka1 Qf1+ 0-1